| 000 | 01049nam a2200241 a 4500 | ||
|---|---|---|---|
| 001 | 000032755 | ||
| 005 | 20250924073803.0 | ||
| 008 | 110726s1941 dr 000 0 spa d | ||
| 040 |
_aDO-SdBNP _bspa _cBNPHU |
||
| 082 |
_a342 _bI65c |
||
| 100 | 1 |
_aIreland, Gordon _958586 |
|
| 245 | 1 | 0 |
_aCursillo de derecho constitucional Américano comparado : _bdictado en la Universidad de Santo Domingo del 26 de abril al 31 de mayo de 1941 / _cGordon Ireland. |
| 260 |
_aCiudad Trujillo, República Dominicana : _bImp. Montalvo, _c1941. |
||
| 300 |
_a117 p. ; _c24 cm. |
||
| 490 | 1 |
_aPublicaciones de la Universidad Autónoma de Santo Domingo _v14 |
|
| 590 | _aInventariado, 2018/LP | ||
| 650 | 4 |
_aDerecho constitucional _zAmérica Latina _958587 |
|
| 650 | 4 |
_aDerecho constitucional _zEstados Unidos _948983 |
|
| 651 | 4 |
_aAmérica Latina _xHistoria Constitucional _910467 |
|
| 710 | 1 | 2 |
_aUniversidad Autónoma de Santo Domingo _972951 |
| 830 |
_aPublicaciones de la Universidad Autónoma de Santo Domingo _v14 _952 |
||
| 910 | _aValidado. Control de calidad MFF | ||
| 999 |
_c32246 _d32246 |
||